| 000 | 00733cam a2200193 i 4500 | ||
|---|---|---|---|
| 005 | 20251108164050.0 | ||
| 008 | 250721s1997 le a gr 000 0 ara d | ||
| 041 | 1 |
_aara _heng |
|
| 082 | 1 | 4 |
_a152.3 _bب ي ز |
| 100 | 1 |
_aبيز، آلن _eمؤلف. |
|
| 245 | 1 | 0 |
_aلغة الجسد : _bكيف تقرأ أفكار الآخرين من خلال إيمائتهم / _cتأليف آلن بيز ؛ تعريب سمير شيخاني. |
| 264 | 1 |
_aبيروت : _bدار الآفاق الجديدة، _c1997. |
|
| 300 | _a205 صفحة. | ||
| 650 | 1 | 7 | _aعلم النفس الفسيولوجي. |
| 650 | 1 | 7 | _aالتحليل النفسي. |
| 700 | 1 |
_aشيخاني، سمير _eمترجم. |
|
| 942 |
_2ddc _cBK |
||
| 999 |
_c2722 _d2722 |
||